Normal view
MARC view
Entry Topical Term
001 - CONTROL NUMBER
- control field: 15868
003 - CONTROL NUMBER IDENTIFIER
- control field: BD-RjUL
005 - DATE AND TIME OF LATEST TRANSACTION
- control field: 20250702160551.0
008 - FIXED-LENGTH DATA ELEMENTS
- fixed length control field: 250702|| aca||aabn | a|a d
040 ## - CATALOGING SOURCE
- Original cataloging agency: BD-RjUL
- Transcribing agency: BD-RjUL
150 ## - HEADING--TOPICAL TERM
- Topical term or geographic name entry element: Roman policier anglais
670 ## - SOURCE DATA FOUND
- Source citation: Work cat.: (BD-RjUL)85109: Christie, Agatha, 1890-1976. 15864, Why didn't they ask Evans? /, 1956, ©1934